LEADER 00977nam0-22003611i-450 001 990001211830403321 005 20190605124510.0 035 $a000121183 035 $aFED01000121183 035 $a(Aleph)000121183FED01 035 $a000121183 100 $a20000920d1989----km-y0itay50------ba 101 0 $aeng 102 $aUS 200 1 $aComputer algebra$fedited D. V. Chudnovsky, R. D. Jenks 210 $aNew York [etc.]$cMarcel Dekker$d1989 215 $aIX, 240 p.$d26 cm 225 1 $aLecture notes in pure and applied mathematics$v113 610 0 $aAlgebra 610 0 $aElaborazione dati 676 $a512.0285 702 1$aChudnovsky,$bDavid V. 702 1$aJenks,$bRichard D. 801 0$aIT$bUNINA$gRICA$2UNIMARC 901 $aBK 912 $a990001211830403321 952 $aC-7-(113$b5714$fMA1 952 $a02 46 E 22$b5801$fFINBN 959 $aFINBN 959 $aMA1 996 $aComputer algebra$982804 997 $aUNINA DB $aING01 LEADER 01094nam a2200277 i 4500 001 991001303649707536 005 20020507191005.0 008 980121s1972 it ||| | ita 035 $ab10828862-39ule_inst 035 $aLE01310207$9ExL 040 $aDip.to Matematica$beng 082 0 $a510 084 $aAMS 00A35 084 $aZDM U30 100 1 $aVilla, Mario$024844 245 10$aRichiami di algebra classica, analisi infinitesimale, geometria :$bper i corsi abilitanti di Matematica e per gli esami di Concorso a cattedre nelle Scuole secondarie /$c[a cura di Mario Villa] 260 $aPadova :$bCEDAM,$cc1972 300 $aviii, 222 p. ;$c26 cm. 650 4$aDidactis of mathematics 650 4$aTeacher's manuals 907 $a.b10828862$b21-09-06$c28-06-02 912 $a991001303649707536 945 $aLE013 00A VIL11 (1972)$g1$i2013000093765$lle013$o-$pE0.00$q-$rl$s- $t0$u0$v0$w0$x0$y.i10937183$z28-06-02 996 $aRichiami di algebra classica, analisi infinitesimale, geometria$9924531 997 $aUNISALENTO 998 $ale013$b01-01-98$cm$da $e-$fita$git $h0$i1 LEADER 00974nam0 22002771i 450 001 UON00397551 005 20231205104641.658 010 $a978-88-459-2364-7 100 $a20110926d2008 |0itac50 ba 101 $aita 102 $aIT 105 $a|||| 1|||| 200 1 $aˆUn'‰incontro$fMilan Kundera$gTraduzione di Massimo Rizzante 210 $aMilano$cAdelphi edizioni$d2008 215 $a185 p.$d22 cm. 620 $aIT$dMilano$3UONL000005 676 $a891.86$cLetteratura ceca$v21 700 1$aKUNDERA$bMilan$3UONV124563$0328616 702 1$aRIZZANTE$bMassimo$3UONV204657 712 $aAdelphi$3UONV245967$4650 801 $aIT$bSOL$c20240220$gRICA 899 $aSIBA - SISTEMA BIBLIOTECARIO DI ATENEO$2UONSI 912 $aUON00397551 950 $aSIBA - SISTEMA BIBLIOTECARIO DI ATENEO$dSI CECO B KUN 0015 $eSI EO 47504 5 0015 996 $aIncontro$91347644 997 $aUNIOR